000 00786nac a22002657a 4500
001 BR6800389
003 BR-BrBNA
005 20240105113332.0
008 230509b bl.|||m| |||| 00| 0 por d
040 _aBR-BrBNA
_bpor
_cBiblioteca Nacional de Agricultura
072 _aE10
090 _aE10 BR6800389
110 1 _aFundo Federal Agropecuario, Brasilia, DF (Brasil)
_95207
245 1 _aRelatorio de 1967 [Fundo Federal Agropecuario; Brasil]
260 3 _aBrasilia, DF (Brasil):
_c1968.
300 _a159 p.
490 _aRelatorio - Fundo Federal Agropecuario (Brazil)
_v
_x
650 _aAGRICULTURA
650 _aPECUARIA
650 _aRECEITA
650 _aORCAMENTO
650 _aDESPESA
909 _a202312
_bLúcia Elande
_c55
_dLúcia Elande
942 _2AGRIS
_n0
_cMS
999 _c263154
_d263154